[Event "RSA-chT U18"]
[Site "Cape Town"]
[Date "2016.01.06"]
[Round "5.3"]
[White "Govender, Shivan"]
[Black "Moremi, Thato"]
[Result "0-1"]
[WhiteElo "1216"]
[BlackElo "1482"]
[PlyCount "52"]
[EventDate "2016.01.04"]
[EventType "team-tourn"]
[EventRounds "7"]
[EventCountry "RSA"]
[SourceTitle "CBM 170 Extra"]
[Source "ChessBase"]
[SourceDate "2016.02.25"]
[SourceVersion "1"]
[SourceVersionDate "2016.02.25"]
[SourceQuality "1"]
[WhiteTeam "Ethekwini"]
[BlackTeam "Johannesburg Metro"]
[WhiteTeamCountry "RSA"]
[BlackTeamCountry "RSA"]

1. e4 e6 2. d4 d5 3. e5 c5 4. Nf3 Nc6 5. Bb5 Qa5+ 6. Nc3 cxd4 7. Nxd4 Bd7 8. Bxc6 bxc6 9. 0-0 Ne7 10. Re1 Ng6 11. Nb3 Qc7 12. Qe2 Be7 13. a3 0-0 14. Nd4 c5 15. Ndb5 Qb6 16. a4 a6 17. Na3 Bc6 18. Rd1 Qb7 19. f3 d4 20. Ne4 Bxe4 21. fxe4 Nxe5 22. Rb1 c4 23. Nxc4 Nxc4 24. Qxc4 Qxe4 25. Qxd4 Qxd4+ 26. Rxd4 Bc5 0-1